The Cambridge companion to critical theory / (Record no. 377)

000 -LEADER
fixed length control field 01544nam a22004337a 4500
001 - CONTROL NUMBER
control field 13915222
003 - CONTROL NUMBER IDENTIFIER
control field OSt
005 - DATE AND TIME OF LATEST TRANSACTION
control field 20210419095309.0
008 - FIXED-LENGTH DATA ELEMENTS--GENERAL INFORMATION
fixed length control field 050330s2004 enk b 001 0 eng
010 ## - LIBRARY OF CONGRESS CONTROL NUMBER
LC control number 2005297203
015 ## - NATIONAL BIBLIOGRAPHY NUMBER
National bibliography number GBA445480
Source bnb
016 7# - NATIONAL BIBLIOGRAPHIC AGENCY CONTROL NUMBER
Record control number 012937384
Source Uk
020 ## - INTERNATIONAL STANDARD BOOK NUMBER
International Standard Book Number 0521816602 (hbk.)
020 ## - INTERNATIONAL STANDARD BOOK NUMBER
International Standard Book Number 0521016894 (pbk.)
035 ## - SYSTEM CONTROL NUMBER
System control number (OCoLC)ocm56582337
040 ## - CATALOGING SOURCE
Original cataloging agency DLC
Transcribing agency DLC
Modifying agency DLC
041 ## - LANGUAGE CODE
Language code of text/sound track or separate title eng
050 00 - LIBRARY OF CONGRESS CALL NUMBER
Classification number B809.3
Item number .C36 2004
080 ## - UNIVERSAL DECIMAL CLASSIFICATION NUMBER
Universal Decimal Classification number 316
Item number C-17
082 04 - DEWEY DECIMAL CLASSIFICATION NUMBER
Classification number 142
Edition number 22
100 ## - MAIN ENTRY--PERSONAL NAME
9 (RLIN) 264
Personal name Rush, Fred
Relator term Editor
245 04 - TITLE STATEMENT
Title The Cambridge companion to critical theory /
Statement of responsibility, etc. edited by Fred Rush.
246 30 - VARYING FORM OF TITLE
Title proper/short title Critical theory
260 ## - PUBLICATION, DISTRIBUTION, ETC.
Place of publication, distribution, etc. Cambridge ;
-- New York :
Name of publisher, distributor, etc. Cambridge University Press,
Date of publication, distribution, etc. 2004.
300 ## - PHYSICAL DESCRIPTION
Extent xx, 376 p. ;
Dimensions 24 cm.
365 ## - TRADE PRICE
Price amount 36.70 usd
504 ## - BIBLIOGRAPHY, ETC. NOTE
Bibliography, etc. note Includes bibliographical references (p. 361-370) and index.
650 #0 - SUBJECT ADDED ENTRY--TOPICAL TERM
Topical term or geographic name entry element Critical theory.
650 #0 - SUBJECT ADDED ENTRY--TOPICAL TERM
Topical term or geographic name entry element Sociology
9 (RLIN) 265
653 ## - INDEX TERM--UNCONTROLLED
Uncontrolled term კრიტიკული თეორია
653 ## - INDEX TERM--UNCONTROLLED
Uncontrolled term სოციოლოგია
700 1# - ADDED ENTRY--PERSONAL NAME
Personal name Rush, Fred.
856 42 - ELECTRONIC LOCATION AND ACCESS
Materials specified Publisher description
Uniform Resource Identifier <a href="http://www.loc.gov/catdir/enhancements/fy0632/2005297203-d.html">http://www.loc.gov/catdir/enhancements/fy0632/2005297203-d.html</a>
856 41 - ELECTRONIC LOCATION AND ACCESS
Materials specified Table of contents only
Uniform Resource Identifier <a href="http://www.loc.gov/catdir/enhancements/fy0632/2005297203-t.html">http://www.loc.gov/catdir/enhancements/fy0632/2005297203-t.html</a>
856 42 - ELECTRONIC LOCATION AND ACCESS
Materials specified Contributor biographical information
Uniform Resource Identifier <a href="http://www.loc.gov/catdir/enhancements/fy0732/2005297203-b.html">http://www.loc.gov/catdir/enhancements/fy0732/2005297203-b.html</a>
906 ## - LOCAL DATA ELEMENT F, LDF (RLIN)
a 7
b cbc
c origres
d 2
e ncip
f 20
g y-gencatlg
942 ## - ADDED ENTRY ELEMENTS (KOHA)
Source of classification or shelving scheme
Koha item type Books
Holdings
Withdrawn status Lost status Source of classification or shelving scheme Damaged status Not for loan Permanent location Current location Date acquired Inventory number Total Checkouts Full call number Barcode Date last seen Price effective from Koha item type
          Ken Walker International University Ken Walker International University 11/21/2020 1031   316 K C-17 1031 11/21/2020 11/21/2020 Books
          Ken Walker International University Ken Walker International University 11/21/2020 2062   316 C-17 2062 11/21/2020 11/21/2020 Books

Powered by Koha